[Event "Eastern Asia-ch U16 Girls"]
[Site "Tornelo INT"]
[Date "2021.10.24"]
[Round "9"]
[White "Nguyen, Ngo Lien Huong"]
[Black "Margadgua, Erdenebayar"]
[Result "1-0"]
[WhiteElo "1563"]
[BlackElo "1495"]
[PlyCount "105"]
[EventDate "2021.10.22"]
[EventType "swiss"]
[EventRounds "9"]
[EventCountry "NET"]
[SourceTitle "EXT 2023"]
[Source "ChessBase"]
[SourceDate "2022.10.05"]
[SourceVersion "1"]
[SourceVersionDate "2022.10.05"]
[SourceQuality "1"]

1. d4 d5 2. c4 e6 3. Nc3 c6 4. cxd5 exd5 5. Bf4 Nf6 6. Nf3 Be7 7. e3 Bf5 8. h3 Nbd7 9. Bd3 Bg6 10. 0-0 0-0 11. Rc1 Re8 12. a3 Ne4 13. Ne5 Nxe5 14. Bxe5 Bd6 15. f4 Nxc3 16. Rxc3 Bxd3 17. Qxd3 f6 18. Bxd6 Qxd6 19. Qf5 Re4 20. Rf3 Rae8 21. h4 R8e7 22. h5 R7e6 23. Rg3 Qf8 24. Kf2 Kh8 25. Qg4 Qf7 26. Qf5 Qf8 27. Rb3 Qe7 28. Rh3 Qf7 29. g4 Qe7 30. Rf3 Qf7 31. g5 Qxh5 32. Rh3 g6 33. Rxb7 gxf5 34. Rxh5 Re7 35. Rxe7 Rxe7 36. gxf6 Rf7 37. Rxf5 h6 38. Kg3 Kh7 39. Re5 Kg6 40. Re6 Rc7 41. Re7 Rc8 42. f7 Rf8 43. Rxa7 Kf5 44. Kf3 h5 45. Rc7 h4 46. Rxc6 Rh8 47. f8Q+ Rxf8 48. Rh6 Rb8 49. Rh5+ Ke6 50. Rxh4 Rxb2 51. Rh6+ Kf5 52. Rd6 Rb5 53. Rxd5+ 1-0

[Event "Eastern Asia-ch U16 Girls"]
[Site "Tornelo INT"]
[Date "2021.10.23"]
[Round "6"]
[White "Urangoo, Kherlenzorig"]
[Black "Margadgua, Erdenebayar"]
[Result "1/2-1/2"]
[WhiteElo "1329"]
[BlackElo "1495"]
[PlyCount "153"]
[EventDate "2021.10.22"]
[EventType "swiss"]
[EventRounds "9"]
[EventCountry "NET"]
[SourceTitle "EXT 2023"]
[Source "ChessBase"]
[SourceDate "2022.10.05"]
[SourceVersion "1"]
[SourceVersionDate "2022.10.05"]
[SourceQuality "1"]

1. d4 d5 2. c4 e6 3. cxd5 exd5 4. Nc3 Nf6 5. Bg5 Be7 6. Nf3 c6 7. e3 Bg4 8. h3 Bh5 9. Bd3 Nbd7 10. a3 0-0 11. 0-0 Re8 12. Be2 Nb6 13. Na4 Nxa4 14. Qxa4 Ne4 15. Bxe7 Qxe7 16. Qd1 Bxf3 17. Bxf3 f5 18. Qd3 Qg5 19. Kh2 Re6 20. Bxe4 fxe4 21. Qe2 Rf8 22. Qg4 Qe7 23. Rae1 Rg6 24. Qe2 Qg5 25. f4 exf3 26. Rxf3 Re8 27. Qf2 Rge6 28. Rf1 h6 29. Re1 Qe7 30. Kg1 Re4 31. Kf1 c5 32. dxc5 Qxc5 33. Kg1 d4 34. Kh1 Rxe3 35. Rexe3 Rxe3 36. Rf7 Qe5 37. Rf8+ Kh7 38. Qf5+ Qxf5 39. Rxf5 Re2 40. Rd5 Rxb2 41. Rxd4 Rb3 42. a4 b6 43. Rd7 a5 44. Rd6 Kg8 45. Kg1 Kf7 46. Kf2 Rb4 47. Ke3 Ke7 48. Rg6 Rxa4 49. Rxb6 Ra2 50. Kf3 a4 51. Ra6 Ra1 52. Kg4 Kf7 53. Kh5 a3 54. g3 a2 55. Kg4 Ke7 56. Kh5 Rh1 57. Rxa2 Rxh3+ 58. Kg4 Rh1 59. Ra6 Kf7 60. Kf4 Rf1+ 61. Kg4 Rb1 62. Kf4 Rb4+ 63. Kf3 h5 64. Kg2 g6 65. Kh3 Kg7 66. Rc6 Rb5 67. Ra6 Kh6 68. Ra2 Kg5 69. Rf2 Rb3 70. Kh2 Rb4 71. Kh3 Rb1 72. Ra2 Rb5 73. Ra4 Rf5 74. Ra6 Rb5 75. Ra4 Kf5 76. Rf4+ Kg5 77. Ra4 1/2-1/2

[Event "Eastern Asia-ch U16 Girls"]
[Site "Tornelo INT"]
[Date "2021.10.22"]
[Round "2"]
[White "Abbaspoorrad, Nikoo"]
[Black "Margadgua, Erdenebayar"]
[Result "1-0"]
[WhiteElo "1763"]
[BlackElo "1495"]
[PlyCount "173"]
[EventDate "2021.10.22"]
[EventType "swiss"]
[EventRounds "9"]
[EventCountry "NET"]
[SourceTitle "EXT 2023"]
[Source "ChessBase"]
[SourceDate "2022.10.05"]
[SourceVersion "1"]
[SourceVersionDate "2022.10.05"]
[SourceQuality "1"]

1. d4 d5 2. c4 e6 3. Nc3 c6 4. cxd5 exd5 5. Bf4 Nf6 6. e3 Bd6 7. Bg3 0-0 8. Bd3 Bg4 9. Qc2 Bh5 10. Nf3 Re8 11. Bh4 Bg6 12. Bxg6 hxg6 13. 0-0 Nbd7 14. Rab1 Qc7 15. Bg3 Bxg3 16. hxg3 Nb6 17. Ne5 Nfd7 18. Nxd7 Qxd7 19. Rbc1 Nc4 20. Na4 Qe7 21. Nc5 Nd6 22. Rfd1 Nf5 23. Qb3 Rab8 24. Nd3 Nd6 25. Nc5 Red8 26. Qc2 Qg5 27. Qe2 Re8 28. Nd7 Rbd8 29. Ne5 f6 30. Nf3 Qg4 31. Re1 Nf5 32. Rc2 Qe4 33. Rd2 Kf7 34. Qd3 Qg4 35. Qe2 Qh5 36. Nh4 Qh6 37. Nxf5 gxf5 38. f3 Qg5 39. Kf2 Rh8 40. Rdd1 Rh2 41. Rh1 Rdh8 42. Rxh2 Rxh2 43. f4 Qh6 44. Qf3 Ke6 45. b4 g5 46. b5 g4 47. Qe2 Qf8 48. bxc6 bxc6 49. Qa6 Qa8 50. Rc1 Kd6 51. Qa3+ Kd7 52. Rc5 Rh7 53. Ra5 Ke6 54. Ra6 Rc7 55. Qb3 Kd7 56. Qd3 Ke6 57. Ra3 Rb7 58. Qc3 Kd7 59. Qc2 Qb8 60. Qxf5+ Ke7 61. Rb3 Rxb3 62. axb3 Qxb3 63. Qxg4 Qc2+ 64. Kf1 Qc1+ 65. Kf2 Qd2+ 66. Qe2 Qxe2+ 67. Kxe2 f5 68. Kd3 Kd6 69. Kc3 a5 70. Kb3 c5 71. dxc5+ Kxc5 72. Ka4 Kc4 73. g4 fxg4 74. f5 Kc5 75. Kxa5 Kd6 76. Kb5 Ke5 77. Kc5 Kxf5 78. Kxd5 g3 79. e4+ Kf4 80. e5 Ke3 81. e6 Kf2 82. e7 Kxg2 83. e8Q Kh1 84. Qh5+ Kg1 85. Ke4 g2 86. Kf3 Kf1 87. Qh3 1-0